| 000 | 00970cab a2200313 4500 | ||
|---|---|---|---|
| 001 | WB3303-29 | ||
| 008 | 090401t1997 xxu||||| |||| 00| 0 eng d | ||
| 035 | _a(Sirsi) u26560 | ||
| 041 | _aeng | ||
| 245 | _aProperty in profile | ||
| 260 | _c1997 | ||
| 300 | _aLOAN | ||
| 350 | _a0 | ||
| 490 |
_aIrish Times _vSupplement 15 January 1997 (16) |
||
| 520 | _aA survey of all sectors of the Irish property market, with articles on investment and professional services. | ||
| 650 | _aCORK | ||
| 650 | _aEIRE | ||
| 650 | _aHOUSING MARKET | ||
| 650 | _aINDUSTRIAL MARKET | ||
| 650 | _aIRELAND | ||
| 650 | _aLISNEY | ||
| 650 | _aPROPERTY-COMMERCIAL PROPERTY-OFFICE PROPERTY-OFFICE PROPERTY MARKET | ||
| 650 | _aREPUBLIC OF IRELAND | ||
| 650 | _aPROPERTY-COMMERCIAL PROPERTY-RETAIL PROPERTY-RETAIL PROPERTY MARKET | ||
| 690 | _aPROPERTY-COMMERCIAL PROPERTY-COMMERCIAL PROPERTY MARKET | ||
| 690 | _aOVERSEAS-EUROPE | ||
| 942 | _n0 | ||
| 948 | _c04/03/1997 | ||
| 999 |
_c17859 _d17859 |
||